| 000 | 00626 a2200181 4500 | ||
|---|---|---|---|
| 020 | _a159693008 | ||
| 040 |
_aDLC _bDLC |
||
| 100 | 1 | _aAissi, Selim. | |
| 245 | 1 | 0 |
_aSecurity for mobile networks and platforms _cSelim Aissi, Nora Dabbous, Anand R. Prasad |
| 260 |
_aNorwood, MA : _bArtech House, _cc2006. |
||
| 300 |
_axvi, 313 p. : _bill. ; _c24 cm. |
||
| 440 | 0 | _aArtech House universal personal communications series. | |
| 650 | 0 |
_aWireless communication systems _xSecurity measures. |
|
| 650 | 0 |
_aComputer networks _xSecurity measures. |
|
| 700 | 1 | _aDabbous, Nora. | |
| 700 | 1 | _aPrasad, Anand. | |
| 942 |
_cBK _k005.8 AIS _2ddc |
||
| 999 |
_c6592 _d6592 |
||